01229cam a22003377a 450000100090000000300040000900500170001300800410003001000170007102000180008804000130010604200080011905000200012708200170014710000230016424500320018724600180021925000110023726000640024830000570031250000770036950000200044650500710046665000480053765000500058565000830063571000960071890600450081494200140085999900180087316772170OSt20150408114157.0110510s2002 enka 001 0 eng  a 2011377138 a9780340981870 aDLCcDLC apcc00aQC32b.S29 2010 222a530bDTI1 aDuncan, Tom94083710aIGCSE Physics /cTom Duncan30aIGCSE physics a2nd ed aCambridge ;aNew York :bCambridge University Press,c2002- av. < 1-2 > :bill. ;c28 cm. +e1 CD-ROM (4 3/4 in.) a"Endorsed by University of Cambridge international examinations"--cover. aIncludes index.0 a[v.1.] Coursebook -- [v.2.] Workbook -- [v.3.] Teacher's resource. 0aPhysicsxExaminationsvStudy guides.936596 0aPhysicsvExaminations, questions, etc.940838 0aInternational General Certificate of Secondary EducationvStudy guides.9408392 aUniversity of Cambridge.bLocal Examinations Syndicate.bInternational Examinations.940840 a7bcbccorigresd2encipf20gy-gencatlg 2ddccBOOK c32533d267033